| 000 | 00939nam a22002777a 4500 | ||
|---|---|---|---|
| 001 | 7791 | ||
| 003 | FISKH | ||
| 005 | 20250806163204.0 | ||
| 008 | 250806b cb ||||| |||| 00| 0 eng d | ||
| 020 | _a9780531219591 | ||
| 040 |
_aFISKH _beng _cFISKH _dFISKH |
||
| 050 | _aQL737.C432 F68 | ||
| 082 | _a599.53 | ||
| 100 | _aBenoit, Peter | ||
| 245 |
_aThe attack on pearl harbor / _cBy Peter Benoit |
||
| 260 |
_aNew York : _bScholastic , _c2013. |
||
| 300 |
_a64 pages : _bcolor illustrations ; _c23 cm . |
||
| 490 |
_aCornerstones of Freedom _vThird Series |
||
| 505 | _aZ | ||
| 520 | _aTraces the events leading up to Japan's attack on Pearl Harbor in 1941, the details of the attack itself, and the ensuing reaction of the United States. | ||
| 521 | 8 |
_a1090
_bLexile |
|
| 521 | 8 |
_aR
_bRaz-Plus |
|
| 650 |
_aPearl Harbor ( Hawii) , Attack on, 1941 _vJuvenile Literature |
||
| 942 |
_2ddc _cBK _n0 |
||
| 999 |
_c7791 _d7791 |
||